Кости луны: роман; пер. с англ.

Bibliographic Details
Main Author: Кэрролл Д. Джонатан
Language:Russian
Published: Москва, Махаон, 2002
Series:Современная классика
Subjects:
Format: Book
KOHA link:https://koha.lib.tpu.ru/cgi-bin/koha/opac-detail.pl?biblionumber=44681

MARC

LEADER 00000nam0a2200000 4500
001 44681
005 20231031022709.0
010 |a 5882159520 
035 |a (RuTPU)RU\TPU\book\46417 
090 |a 44681 
100 |a 20021125d2002 m y0rusy50 ca 
101 1 |a rus 
102 |a RU 
105 |a y z 000ay 
200 1 |a Кости луны  |e роман  |e пер. с англ.  |f Д. Кэрролл 
210 |a Москва  |c Махаон  |d 2002 
215 |a 288 с. 
225 1 |a Современная классика 
610 1 |a проза 
610 1 |a романы 
675 |a 82  |v 3 
700 1 |a Кэрролл  |b Д.  |g Джонатан 
801 1 |a RU  |b 63413507  |c 20021125  |g PSBO 
801 2 |a RU  |b 63413507  |c 20181009  |g PSBO 
942 |c BK